000
00342nam a2200133Ia 4500
008
140626s9999 xx 000 0 und d
100
_a
Jackson, Henry
245
_a
Global Skills Gap :
_b
Oppurtunity to Excel /
_c
Henry Jackson.
260
_c
c2012.
300
_a
57 : 11, page 10
440
_a
HR Magazine
521
_a
BSBA
942
_c
SE
999
_c
121490
_d
121490